000 01379nam a2200361 i 4500
003 DO-SdBNP
005 20260520104306.0
007 ta
008 250725s2001 dr a r 000 0 spa d
040 _aDO-SdBNP
_bspa
_cBNPHU
_erda
041 _aspa
082 _a341.37
_bA696m, 2001
_222
100 1 _aArias Nuñez, Luis,
_eautor
_4aut
_99356
245 1 0 _aManual de procedimientos de tratados internacionales /
_cLuis Arias Núñez ; prólogo Enmanuel T. Esquea Guerrero.
264 1 _aSanto Domingo :
_bEditora Centenario,
_c2001.
300 _a145 páginas ;
_bilustraciones :
_c21 cm.
336 _atexto
_btxt
_2rdacontent
337 _asin mediación
_bn
_2rdamedia
338 _avolumen
_bnc
_2rdacarrier
490 1 _aPublicaciones de la Universidad Autónoma de Santo Domingo ;
_v771
490 0 _aDerecho y política ;
_v11
504 _aIncluye referencias bibliográficas y notas al pie de páginas.
504 _aBibliografía : p. 141-142.
590 _aInventariado, 2025/ YL
650 4 _aNegociaciones comerciales
_99612
650 0 _aRelaciones internacionales
_9399
650 4 _aDerecho internacional público
_99388
651 4 _aTratados Internacionales
_xManuales
_99611
700 1 2 _aEsquea Guerrero, Enmanuel T.,
_eprologuista
_99613
_4pr.
710 1 2 _aUniversidad Autónoma de Santo Domingo
_972951
910 _aYLockward
942 _2ddc
_cLBS1
999 _c59630
_d59630